Every French Montana Song on the Billboard Hot 100 - Statistics

General Stats
  • This quiz has been taken 49 times
    27 since last reset
  • The average score is 5 of 17
Answer Stats
# Year Song % Correct
3 2017 Unforgettable ft. Swae Lee
87%
47 2018 No Stylist ft. Drake
57%
78 2018 Welcome To The Party (Diplo & Lil Pump) ft. Zhavia Ward
43%
90 2019 Slide ft. Blueface & Lil Tjay
39%
27 2016 All The Way Up (Fat Joe, Remy Ma & Jay-Z) ft. Infared
30%
73 2016 Lockjaw ft. Kodak Black
30%
36 2016 No Shopping ft. Drake
30%
75 2017 A Lie ft. The Weeknd & Max B
26%
36 2012 Pop That ft. Rick Ross, Drake & Lil Wayne
26%
56 2019 Writing On The Wall ft. Post Malone, Cardi B & Rvssian
26%
63 2013 Ain't Worried About Nothin
17%
95 2015 Bad B*tch ft. Jeremih
17%
96 2014 Feelin' Myself (will.i.am) ft. Miley Cyrus, Wiz Khalifa & DJ Mustard
17%
77 2013 Freaks ft. Nicki Minaj
17%
77 2014 I Luh Ya Papi (Jennifer Lopez)
13%
9 2014 Loyal (Chris Brown) ft. Lil Wayne
13%
58 2012 Stay Schemin (Rick Ross) ft. Drake
13%
No matching quizzes found
Score Distribution
Percent of People with Each Score
Percentile by Number Answered
Your Score History
You have not taken this quiz since the last reset